Computer Science-6 (Record no. 5092)

MARC details
000 -LEADER
fixed length control field 00243nam a22000977a 4500
008 - FIXED-LENGTH DATA ELEMENTS--GENERAL INFORMATION
fixed length control field 161228b xxu||||| |||| 00| 0 eng d
020 ## - INTERNATIONAL STANDARD BOOK NUMBER
International Standard Book Number 9788184091700
100 ## - MAIN ENTRY--PERSONAL NAME
9 (RLIN) 2204
Personal name Sen.S
245 ## - TITLE STATEMENT
Title Computer Science-6
260 ## - PUBLICATION, DISTRIBUTION, ETC. (IMPRINT)
Place of publication, distribution, etc. New Delhi
Name of publisher, distributor, etc. Frank Book
Date of publication, distribution, etc. 2010
Holdings
Withdrawn status Lost status Source of classification or shelving scheme Damaged status Koha normalized classification for sorting Not for loan Home library Current library Shelving location Date acquired Total Checkouts Full call number Barcode Date last seen Price effective from Koha item type
    Dewey Decimal Classification   SEN_004_000000000000000_D10   Good Samaritan School Library Good Samaritan School Library Computer Science 12/28/2016   SEN004 D-10 SEN10399 12/28/2016 12/28/2016 BOOK

Powered by Koha